00417nam a2200133 i 4500001000300000100002100003245006500024260001900089700002000108040000800128041000800136008004100144856009800185bg1 aMIRONENKO, W. A. 0aOsnowy gidrogeomechaniki /cW. A. Mironenko, N. M. Sestakow. aMoskwa,c1974.1 aSESTAKOW, N. M. cBPK apol s pl f |000 0 pol  uhttp://koha.tu.koszalin.pl/cgi-bin/koha/opac-detail.pl?biblionumber=27689yKatalog online BPK